<?xml version="1.0" encoding="UTF-8"?><?xml-stylesheet type="text/xsl" href="static/style.xsl"?><OAI-PMH xmlns="http://www.openarchives.org/OAI/2.0/" xmlns:xsi="http://www.w3.org/2001/XMLSchema-instance" xsi:schemaLocation="http://www.openarchives.org/OAI/2.0/ http://www.openarchives.org/OAI/2.0/OAI-PMH.xsd"><responseDate>2026-05-14T10:47:27Z</responseDate><request verb="GetRecord" identifier="oai:repisalud.isciii.es:20.500.12105/25163" metadataPrefix="marc">https://repisalud.isciii.es/rest/oai/request</request><GetRecord><record><header><identifier>oai:repisalud.isciii.es:20.500.12105/25163</identifier><datestamp>2025-12-18T12:55:48Z</datestamp><setSpec>com_20.500.12105_25100</setSpec><setSpec>com_20.500.12105_6723</setSpec><setSpec>com_20.500.12105_2337</setSpec><setSpec>com_20.500.12105_2336</setSpec><setSpec>col_20.500.12105_25101</setSpec></header><metadata><record xmlns="http://www.loc.gov/MARC21/slim" xmlns:dcterms="http://purl.org/dc/terms/" xmlns:doc="http://www.lyncode.com/xoai" xmlns:xsi="http://www.w3.org/2001/XMLSchema-instance" xsi:schemaLocation="http://www.loc.gov/MARC21/slim http://www.loc.gov/standards/marcxml/schema/MARC21slim.xsd">
   <leader>00925njm 22002777a 4500</leader>
   <datafield ind2=" " ind1=" " tag="042">
      <subfield code="a">dc</subfield>
   </datafield>
   <datafield ind2=" " ind1=" " tag="720">
      <subfield code="a">Comité Científico - Bibliosalud 2023</subfield>
      <subfield code="e">author</subfield>
   </datafield>
   <datafield ind2=" " ind1=" " tag="260">
      <subfield code="c">2023-10</subfield>
   </datafield>
   <datafield ind2=" " ind1=" " tag="520">
      <subfield code="a">Mesa 2. Inteligencia Artificial aplicada al mundo de las bibliotecas en ciencias de la salud, modera Julio Alonso Arévalo. Participa: Ernesto Barrera Linares (Especialista en Medicina Familiar y Comunitaria. Subdirector General de Formación y Acreditación Docente Sanitaria Consejería de Sanidad de la Comunidad de Madrid) con el tema: ChatGPT: luces y sombras de una inteligencia artificial multifuncional; Jorge Franganillo (Profesor e investigador en la Facultad de Información y Medios Audiovisuales de la Universidad de Barcelona) con el tema: Bibliotecas, salud e inteligencia artificial: el papel de los grandes modelos de lenguaje. Nicolás Robinson García (Investigador Ramón y Cajal en el ámbito de la bibliometría y la evaluación de la ciencia en la Universidad de Granada. Es director del Grupo de Investigación EC3) con el tema: Inteligencia artificial aplicada al mundo de las bibliotecas de ciencias de la salud.</subfield>
   </datafield>
   <datafield ind1="8" ind2=" " tag="024">
      <subfield code="a">XVII Jornadas de Información y Documentación en Ciencias de la Salud - Bibliosalud 2023. Valladolid 19 y 20 de octubre de 2023.</subfield>
   </datafield>
   <datafield ind1="8" ind2=" " tag="024">
      <subfield code="a">https://hdl.handle.net/20.500.12105/25163</subfield>
   </datafield>
   <datafield ind2="0" ind1="0" tag="245">
      <subfield code="a">Mesa 2. Inteligencia Artificial aplicada al mundo de las bibliotecas en ciencias de la salud</subfield>
   </datafield>
</record></metadata></record></GetRecord></OAI-PMH>